| 000 | 00455cam a2200193ua 4500 | ||
|---|---|---|---|
| 020 | _cRe 1.00 | ||
| 041 |
_ahin _h |
||
| 082 |
_a891.54 _bVAI/GA |
||
| 100 | _aVaishya, J D . | ||
| 245 |
_aGarelu hunar / _cJ D Vaishya. _hTextual Documents |
||
| 250 |
_a1 / _b. |
||
| 260 |
_aDelhi : _bRajkamal Prakash , _c1960. |
||
| 300 | _a95 ; . | ||
| 365 | _aRe 1.00 | ||
| 504 | _a | ||
| 700 | 1 | _aAgraval, S D . | |
| 942 | _cBK | ||
| 999 |
_c3585 _d3585 |
||